[Event "Copa Latina 2015"]
[Site "Vicente Lopez ARG"]
[Date "2015.03.22"]
[Round "5.43"]
[White "Fiori, Hector"]
[Black "Lo Presti, Roberto"]
[Result "0-1"]
[WhiteElo "2136"]
[BlackElo "1950"]
[PlyCount "57"]
[EventDate "2015.03.19"]
[EventType "swiss"]
[EventRounds "9"]
[EventCountry "ARG"]
[Source "lmi"]
[SourceDate "2015.03.19"]

1. e4 e6 2. d4 d5 3. Nc3 Nf6 4. e5 Nfd7 5. f4 c5 6. Nf3 Nc6 7. Be3 Be7 8. Qd2
O-O 9. O-O-O c4 10. f5 b5 11. Bg5 b4 12. Nxd5 exd5 13. f6 gxf6 14. Bh6 Re8 15.
Qf4 Kh8 16. b3 cxb3 17. Ng5 fxg5 18. Qxf7 Bf8 19. Bd3 Qe7 20. Qxd5 Bb7 21. Bxf8
Nxf8 22. h4 Rad8 23. Qxb3 Nxd4 24. Qb2 Qxe5 25. Rhe1 Ne2+ 26. Rxe2 Qxb2+ 27.
Kxb2 Rxe2 28. Bxe2 Rxd1 29. Bxd1 0-1

[Event "Copa Latina 2015"]
[Site "Vicente Lopez ARG"]
[Date "2015.03.22"]
[Round "5.44"]
[White "Crotti, Lucas"]
[Black "Inchausti, Pablo Ezequiel"]
[Result "1-0"]
[WhiteElo "2020"]
[BlackElo "2136"]
[PlyCount "61"]
[EventDate "2015.03.19"]
[EventType "swiss"]
[EventRounds "9"]
[EventCountry "ARG"]
[Source "lmi"]
[SourceDate "2015.03.19"]

1. e4 c5 2. Nf3 d6 3. Bc4 Nf6 4. Qe2 Nc6 5. c3 Bg4 6. h3 Bh5 7. Bb5 Rc8 8. O-O
e6 9. d4 cxd4 10. cxd4 d5 11. e5 Nd7 12. Be3 Be7 13. Nc3 O-O 14. a3 f6 15. g4
Bg6 16. Rad1 fxe5 17. Nxe5 Ncxe5 18. dxe5 Nxe5 19. f4 Nc4 20. Bxa7 b6 21. f5
exf5 22. Nxd5 Bc5+ 23. Kh1 Nd6 24. Bxb6 Bxb6 25. Ne7+ Kh8 26. Nxc8 Qxc8 27.
Rxd6 Qb8 28. Qd2 f4 29. Bc6 Be3 30. Qb4 Qc7 31. Rxg6 1-0

[Event "Copa Latina 2015"]
[Site "Vicente Lopez ARG"]
[Date "2015.03.22"]
[Round "5.48"]
[White "Girona, Martin"]
[Black "Lopez, Diego"]
[Result "0-1"]
[WhiteElo "1579"]
[BlackElo "2102"]
[PlyCount "82"]
[EventDate "2015.03.19"]
[EventType "swiss"]
[EventRounds "9"]
[EventCountry "ARG"]
[Source "lmi"]
[SourceDate "2015.03.19"]

1. d4 Nf6 2. Nf3 g6 3. Bf4 Bg7 4. e3 O-O 5. h3 d6 6. Be2 Nc6 7. O-O Nd7 8. Nbd2
e5 9. dxe5 dxe5 10. Bg3 f5 11. c3 Kh8 12. Nc4 Qe7 13. Qd5 Nf6 14. Qb5 a6 15.
Qb3 Ne4 16. Bh2 Rb8 17. Qc2 b5 18. Ncd2 Nc5 19. Rfe1 Bb7 20. Rad1 e4 21. Nd4
Ne5 22. Bxe5 Qxe5 23. N2b3 Nxb3 24. Qxb3 c5 25. Nc2 Rfd8 26. Na3 Bd5 27. Qc2
Bxa2 28. b3 Bxb3 29. Qxb3 Qxc3 30. Rxd8+ Rxd8 31. Qxc3 Bxc3 32. Rd1 Rxd1+ 33.
Bxd1 Bb2 34. Nb1 a5 35. Kf1 a4 36. Ke2 c4 37. Kd2 a3 38. Kc2 b4 39. Nd2 Bc3 40.
Nb3 a2 41. Be2 cxb3+ 0-1

[Event "Copa Latina 2015"]
[Site "Vicente Lopez ARG"]
[Date "2015.03.22"]
[Round "5.50"]
[White "Montes De Oca, Juan"]
[Black "Laurnagaray, Santiago"]
[Result "1/2-1/2"]
[WhiteElo "2071"]
[BlackElo "1535"]
[PlyCount "61"]
[EventDate "2015.03.19"]
[EventType "swiss"]
[EventRounds "9"]
[EventCountry "ARG"]
[Source "lmi"]
[SourceDate "2015.03.19"]

1. e4 e6 2. d4 d5 3. Nc3 Bb4 4. e5 c5 5. a3 Bxc3+ 6. bxc3 Ne7 7. Nf3 Nd7 8. a4
Qc7 9. Bd3 f6 10. Bb5 Nc6 11. Bf4 O-O 12. Bxc6 bxc6 13. O-O fxe5 14. Bxe5 Nxe5
15. Nxe5 cxd4 16. cxd4 c5 17. c3 Rf6 18. Re1 Bb7 19. dxc5 Qxc5 20. Qd4 Qc7 21.
Reb1 Ba6 22. f4 Raf8 23. g3 Rf5 24. Nf3 Bc8 25. Ne5 g5 26. Ng4 Qg7 27. Qxg7+
Kxg7 28. Ne3 R5f7 29. fxg5 Ba6 30. Ng4 Bd3 31. Rc1 1/2-1/2

[Event "Copa Latina 2015"]
[Site "Vicente Lopez ARG"]
[Date "2015.03.22"]
[Round "5.54"]
[White "Elias, Roberto"]
[Black "Ferrara, Alexis"]
[Result "0-1"]
[WhiteElo "1845"]
[BlackElo "2113"]
[PlyCount "68"]
[EventDate "2015.03.19"]
[EventType "swiss"]
[EventRounds "9"]
[EventCountry "ARG"]
[Source "lmi"]
[SourceDate "2015.03.19"]

1. c4 g6 2. Nc3 Bg7 3. g3 c5 4. Bg2 Nc6 5. d3 e5 6. e4 Nge7 7. Nge2 O-O 8. O-O
Rb8 9. Be3 d6 10. f4 Nd4 11. Qd2 a6 12. f5 gxf5 13. Bh6 f6 14. exf5 Bxf5 15.
Nxd4 cxd4 16. Nd5 Bg6 17. Rf2 Nxd5 18. Bxd5+ Kh8 19. Bxg7+ Kxg7 20. Qe2 f5 21.
Raf1 Qg5 22. Kh1 Qe3 23. Qc2 f4 24. Qa4 Bxd3 25. Qd7+ Kh8 26. Rf3 Be4 27. Qxd6
Bxf3+ 28. Rxf3 Qe1+ 29. Kg2 Rbe8 30. Bxb7 Rd8 31. Qa3 d3 32. Rf1 d2 33. Bf3
fxg3 34. hxg3 Qxf1+ 0-1

[Event "Copa Latina 2015"]
[Site "Vicente Lopez ARG"]
[Date "2015.03.22"]
[Round "5.57"]
[White "Abate, Tomas"]
[Black "Conde, Adrian"]
[Result "0-1"]
[WhiteElo "1720"]
[BlackElo "2037"]
[PlyCount "83"]
[EventDate "2015.03.19"]
[EventType "swiss"]
[EventRounds "9"]
[EventCountry "ARG"]
[Source "lmi"]
[SourceDate "2015.03.19"]

1. d4 Nf6 2. Nf3 e6 3. Bf4 c5 4. e3 d5 5. c3 Nc6 6. Bd3 Qb6 7. Qc2 Bd7 8. Nbd2
Rc8 9. Qb1 Nh5 10. Bg3 Nxg3 11. hxg3 h6 12. Nh4 cxd4 13. exd4 e5 14. dxe5 Nxe5
15. Bf5 Bc5 16. O-O O-O 17. Bxd7 Nxd7 18. Nb3 Ne5 19. Qf5 Bd6 20. Nf3 Nc4 21.
Rab1 Bxg3 22. Qxd5 Rfd8 23. Qh5 Bb8 24. Nfd4 a5 25. Nf5 Qf6 26. Rfe1 Re8 27.
Nbd4 Nxb2 28. Rxe8+ Rxe8 29. Ne3 Nd3 30. Qe2 Nf4 31. Qb5 Qe5 32. Qxe5 Bxe5 33.
Rxb7 Bxd4 34. cxd4 Ne2+ 35. Kf1 Nxd4 36. Ra7 Re5 37. Nc4 Rc5 38. Rxa5 Rxc4 39.
g3 Rc2 40. a4 Ra2 41. Ra8+ Kh7 42. Ra7 0-1

[Event "Copa Latina 2015"]
[Site "Vicente Lopez ARG"]
[Date "2015.03.22"]
[Round "5.58"]
[White "Franco, Gaston"]
[Black "Figar, Nicolas"]
[Result "1-0"]
[WhiteElo "2037"]
[BlackElo "1776"]
[PlyCount "51"]
[EventDate "2015.03.19"]
[EventType "swiss"]
[EventRounds "9"]
[EventCountry "ARG"]
[Source "lmi"]
[SourceDate "2015.03.19"]

1. e4 e5 2. Nf3 Nc6 3. Bb5 a6 4. Ba4 Nf6 5. O-O Be7 6. Re1 b5 7. Bb3 d6 8. c3
Na5 9. Bc2 c5 10. a4 Bb7 11. d4 Qc7 12. Nbd2 O-O 13. Nf1 Rfc8 14. d5 b4 15. Ng3
h6 16. Nh4 Bf8 17. Nh5 Qd8 18. Nf5 Rc7 19. Nhxg7 Bxg7 20. Re3 Kh7 21. Rg3 Bf8
22. Bxh6 Bxh6 23. Nxh6 Kxh6 24. Qd2+ Kh7 25. Qg5 Qf8 26. Rh3+ 1-0

[Event "Copa Latina 2015"]
[Site "Vicente Lopez ARG"]
[Date "2015.03.22"]
[Round "5.67"]
[White "Dabraccio, Guillermo"]
[Black "Roman, Rodrigo"]
[Result "0-1"]
[WhiteElo "1756"]
[BlackElo "2006"]
[PlyCount "68"]
[EventDate "2015.03.19"]
[EventType "swiss"]
[EventRounds "9"]
[EventCountry "ARG"]
[Source "lmi"]
[SourceDate "2015.03.19"]

1. d4 e5 2. c3 Nc6 3. d5 Nce7 4. Nf3 d6 5. Bg5 h6 6. Bh4 g5 7. Bg3 f5 8. Nxe5
dxe5 9. Bxe5 Rh7 10. d6 Nc6 11. Qd5 Nf6 12. Bxf6 Qxf6 13. dxc7 Be6 14. c8=Q+
Rxc8 15. Qb5 Rd7 16. e3 a6 17. Qa4 Bd5 18. Nd2 Ne5 19. h3 Qb6 20. O-O-O Bxg2
21. Nc4 Rxc4 22. Bxc4 Bxh1 23. Rxh1 Nxc4 24. Qxc4 Qc6 25. Qxc6 bxc6 26. Kc2 Kf7
27. Re1 h5 28. Rg1 Kf6 29. Rg2 c5 30. f3 c4 31. b3 Bc5 32. Re2 Rd3 33. bxc4
Rxe3 34. Rxe3 Bxe3 0-1

[Event "Copa Latina 2015"]
[Site "Vicente Lopez ARG"]
[Date "2015.03.22"]
[Round "5.68"]
[White "Ferrero, Luis"]
[Black "Ulloa, Gabriel"]
[Result "0-1"]
[WhiteElo "1635"]
[BlackElo "1986"]
[PlyCount "138"]
[EventDate "2015.03.19"]
[EventType "swiss"]
[EventRounds "9"]
[EventCountry "ARG"]
[Source "lmi"]
[SourceDate "2015.03.19"]

1. d4 Nf6 2. Nf3 g6 3. Bf4 Bg7 4. e3 O-O 5. Be2 d6 6. O-O Nc6 7. h3 Nd7 8. c4
e5 9. Bh2 exd4 10. exd4 Qf6 11. Nc3 Nxd4 12. Nxd4 Qxd4 13. Nd5 c6 14. Ne7+ Kh8
15. Qxd4 Bxd4 16. Nxc8 Raxc8 17. Bxd6 Rfe8 18. Bd3 Re6 19. Bf4 Bxb2 20. Rab1
Bg7 21. Be3 b6 22. a4 Ne5 23. Be2 c5 24. a5 Rd8 25. Rfd1 Red6 26. Rxd6 Rxd6 27.
Bxc5 bxc5 28. Rb8+ Bf8 29. Rxf8+ Kg7 30. Rb8 Rd2 31. Kf1 Nc6 32. Rc8 Nd4 33.
Rxc5 Rxe2 34. Rd5 Rd2 35. Ke1 Rd3 36. Re5 Kf6 37. Rc5 Ne6 38. Rc6 Ra3 39. Ra6
Rc3 40. Rxa7 Rxc4 41. g3 Rc7 42. Ra8 Nd4 43. Kf1 Nc6 44. Ra6 Ke7 45. Rb6 Nxa5
46. Kg2 Nc4 47. Ra6 Nd6 48. Ra3 Ke6 49. Re3+ Kd5 50. Rd3+ Ke5 51. Rd2 Ne4 52.
Ra2 Rd7 53. Ra5+ Rd5 54. Ra7 f5 55. Rxh7 Rd2 56. Ra7 Rxf2+ 57. Kg1 Rf3 58. g4
Rxh3 59. gxf5 gxf5 60. Ra8 Kf4 61. Ra7 Rc3 62. Kg2 Rc2+ 63. Kf1 Ke3 64. Ra3+
Nc3 65. Ra8 f4 66. Re8+ Ne4 67. Ra8 f3 68. Ra1 Ng3+ 69. Kg1 Rg2# 0-1

[Event "Copa Latina 2015"]
[Site "Vicente Lopez ARG"]
[Date "2015.03.22"]
[Round "5.70"]
[White "Saracho, Franco"]
[Black "Fernandez Rodriguez, Antonio"]
[Result "0-1"]
[WhiteElo "1581"]
[BlackElo "1905"]
[PlyCount "74"]
[EventDate "2015.03.19"]
[EventType "swiss"]
[EventRounds "9"]
[EventCountry "ARG"]
[Source "lmi"]
[SourceDate "2015.03.19"]

1. e4 e6 2. d4 d5 3. e5 c5 4. c3 Nc6 5. Nf3 Qb6 6. Be2 cxd4 7. cxd4 Nge7 8. Nc3
Nf5 9. Na4 Bb4+ 10. Kf1 Qa5 11. a3 Be7 12. b4 Qd8 13. g3 O-O 14. Kg2 b6 15. h4
Bd7 16. Qd3 Nxe5 17. dxe5 Bxa4 18. b5 Rc8 19. Ra2 Rc5 20. Rb2 Qc7 21. Bd2 Bc2
22. Rxc2 Rxc2 23. g4 Nh6 24. Bxh6 gxh6 25. Qe3 Qc5 26. Qd3 Qc3 27. Qxc3 Rxc3
28. a4 Rc2 29. Nd4 Ra2 30. Bd1 Bc5 31. Ne2 f5 32. g5 f4 33. f3 Rf5 34. gxh6
Rxe5 35. Re1 d4 36. Kf1 d3 37. Nc3 Rf2+ 0-1

[Event "Copa Latina 2015"]
[Site "Vicente Lopez ARG"]
[Date "2015.03.22"]
[Round "5.13"]
[White "Dos Santos, Ramiro"]
[Black "Quiroga, Facundo"]
[Result "1/2-1/2"]
[WhiteElo "2431"]
[BlackElo "2261"]
[PlyCount "107"]
[EventDate "2015.03.19"]
[EventType "swiss"]
[EventRounds "9"]
[EventCountry "ARG"]
[Source "lmi"]
[SourceDate "2015.03.19"]

1. d4 Nf6 2. Nf3 g6 3. Bf4 Bg7 4. e3 O-O 5. Be2 d6 6. O-O Nh5 7. Bg5 h6 8. Bh4
g5 9. Nfd2 Nf4 10. exf4 gxh4 11. Nf3 h3 12. g3 c5 13. c3 Qb6 14. Na3 d5 15. Nb5
cxd4 16. Nbxd4 Nc6 17. Qd2 Bg4 18. Nxc6 bxc6 19. Ne5 Bc8 20. Rfe1 a5 21. Bd3
Rd8 22. Qe2 Ra7 23. Qh5 e6 24. Rab1 a4 25. Qxh3 a3 26. b4 c5 27. b5 c4 28. Bf1
Rc7 29. Qh4 Rf8 30. Red1 f5 31. Bg2 Rc5 32. Qe7 Bf6 33. Nxc4 Rxc4 34. Qxa3 Rxc3
35. Qb4 Rc2 36. Rd2 Bc3 37. Qxf8+ Kxf8 38. Rxc2 d4 39. a4 Bb7 40. Bxb7 Qxb7 41.
b6 Ke7 42. Rb5 Kd7 43. a5 Kc8 44. Rc5+ Kb8 45. R2xc3 dxc3 46. Rxc3 Qe4 47. Re3
Qc6 48. Re5 Kb7 49. Re1 Ka6 50. Re5 Kb7 51. Re1 Ka6 52. Re5 Kb7 53. Re3 Ka6 54.
Re5 1/2-1/2

[Event "Copa Latina 2015"]
[Site "Vicente Lopez ARG"]
[Date "2015.03.22"]
[Round "5.17"]
[White "Paveto, Kevin"]
[Black "Ruperez, Miguel"]
[Result "*"]
[WhiteElo "2397"]
[BlackElo "2194"]
[PlyCount "91"]
[EventDate "2015.03.19"]
[EventType "swiss"]
[EventRounds "9"]
[EventCountry "ARG"]
[Source "lmi"]
[SourceDate "2015.03.19"]

1. e4 c5 2. Nf3 e6 3. d4 cxd4 4. Nxd4 Nc6 5. Nc3 Nf6 6. Nxc6 bxc6 7. Bd3 e5 8.
O-O Bc5 9. Na4 Be7 10. c4 d6 11. b3 O-O 12. Bb2 Qc7 13. Qe2 Re8 14. h3 Nd7 15.
Rac1 Bf6 16. Rfd1 Nf8 17. c5 d5 18. exd5 cxd5 19. Nc3 Be6 20. Nb5 Qd8 21. Nd6
Re7 22. Bxe5 Bxe5 23. Qxe5 Bg4 24. Qxd5 Bxd1 25. Rxd1 Rb8 26. Bc4 Qc7 27. Qd4
a5 28. a3 Kh8 29. Qf4 Ne6 30. Bxe6 fxe6 31. b4 e5 32. Qc4 axb4 33. axb4 h6 34.
c6 Rf8 35. b5 Qb6 36. Ne4 Rb8 37. Rd5 Qa5 38. Qc3 Qxc3 39. Nxc3 e4 40. Rc5 Rc7
41. Nd5 Rxb5 42. Rxb5 Rxc6 43. h4 h5 44. Ne7 Rh6 45. Re5 Kh7 46. Nf5 *

[Event "Copa Latina 2015"]
[Site "Vicente Lopez ARG"]
[Date "2015.03.22"]
[Round "5.18"]
[White "Siccardi, Pablo Daniel"]
[Black "Cori Quispe, Kevin"]
[Result "0-1"]
[WhiteElo "2071"]
[BlackElo "2382"]
[PlyCount "62"]
[EventDate "2015.03.19"]
[EventType "swiss"]
[EventRounds "9"]
[EventCountry "ARG"]
[Source "lmi"]
[SourceDate "2015.03.19"]

1. d4 Nf6 2. Nf3 g6 3. Bg5 Bg7 4. Nbd2 d6 5. c3 h6 6. Bh4 g5 7. Bg3 Nh5 8. e4
e6 9. Bd3 Nc6 10. Ng1 Nxg3 11. hxg3 Bd7 12. Ne2 Ne7 13. f4 c5 14. Nc4 Bc6 15.
e5 dxe5 16. fxe5 Nc8 17. O-O b5 18. Ne3 Ne7 19. Qd2 Qd7 20. Rf2 Nd5 21. Be4 Ne7
22. Bc2 Bxe5 23. Ng4 Bg7 24. Qe3 Nd5 25. Qd3 c4 26. Qd2 f5 27. Ne3 O-O 28. Raf1
Nf6 29. Bb1 Ne4 30. Bxe4 Bxe4 31. Nc1 Rad8 0-1

[Event "Copa Latina 2015"]
[Site "Vicente Lopez ARG"]
[Date "2015.03.22"]
[Round "5.19"]
[White "Pernas, Agustin"]
[Black "Pierrot, Facundo"]
[Result "1/2-1/2"]
[WhiteElo "2048"]
[BlackElo "2380"]
[PlyCount "124"]
[EventDate "2015.03.19"]
[EventType "swiss"]
[EventRounds "9"]
[EventCountry "ARG"]
[Source "lmi"]
[SourceDate "2015.03.19"]

1. e4 e5 2. Nf3 Nc6 3. Bb5 a6 4. Bxc6 dxc6 5. O-O f6 6. d4 exd4 7. Nxd4 c5 8.
Nb3 Qxd1 9. Rxd1 Bg4 10. f3 Be6 11. Bf4 c4 12. Nd4 O-O-O 13. Nc3 Bf7 14. Nf5 g6
15. Rxd8+ Kxd8 16. Rd1+ Kc8 17. Ne3 Bc5 18. Kf2 Ne7 19. Ke2 Nc6 20. Ncd5 Nd4+
21. Kf1 Bxd5 22. Nxd5 Ne6 23. Be3 Bxe3 24. Nxe3 b5 25. Nd5 Rf8 26. Nb4 f5 27.
Re1 f4 28. Rd1 a5 29. Nc6 Kb7 30. Ne5 Rd8 31. Rxd8 Nxd8 32. Nd7 Ne6 33. Nf6 h5
34. Ke2 Kc6 35. Nd5 Kd6 36. Nc3 b4 37. Nd1 g5 38. Nf2 c5 39. Kd2 Ke5 40. c3 Nc7
41. Nh3 g4 42. fxg4 hxg4 43. Nf2 g3 44. hxg3 fxg3 45. Ng4+ Kxe4 46. Nf6+ Kf5
47. Nd7 Nd5 48. Nxc5 Nf4 49. Ke3 Nxg2+ 50. Kf3 bxc3 51. bxc3 Nf4 52. Kxg3 Ne2+
53. Kf3 Nxc3 54. Ke3 Ke5 55. a4 Nd5+ 56. Kd2 Kd4 57. Ne6+ Ke5 58. Nc5 Ne7 59.
Kc3 Kd5 60. Nd7 Nc8 61. Nf6+ Ke5 62. Kxc4 Nb6+ 1/2-1/2

[Event "Copa Latina 2015"]
[Site "Vicente Lopez ARG"]
[Date "2015.03.22"]
[Round "5.20"]
[White "Sosa, Tomas"]
[Black "Sanchez Sandoval, Gonzalo"]
[Result "1-0"]
[WhiteElo "2368"]
[BlackElo "2193"]
[PlyCount "119"]
[EventDate "2015.03.19"]
[EventType "swiss"]
[EventRounds "9"]
[EventCountry "ARG"]
[Source "lmi"]
[SourceDate "2015.03.19"]

1. e4 c5 2. Nf3 e6 3. d4 cxd4 4. Nxd4 a6 5. Bd3 Bc5 6. Nb3 Ba7 7. Nc3 Nc6 8.
Qg4 Nf6 9. Qg3 d6 10. Bg5 b5 11. O-O-O b4 12. Ne2 Bb7 13. Kb1 h6 14. Be3 Bxe3
15. Qxe3 Qc7 16. f4 Nd7 17. e5 dxe5 18. f5 O-O-O 19. fxe6 fxe6 20. Ng3 Qb6 21.
Qxb6 Nxb6 22. Nc5 Nd4 23. Bxa6 Bxa6 24. Nxa6 Nd5 25. Rhe1 Rd6 26. Nc5 Rhd8 27.
Nd3 Nc6 28. Ne4 R6d7 29. Ndc5 Re7 30. Nd2 Nb6 31. Nf3 Rd5 32. Nd3 Red7 33. Re4
R7d6 34. Rc1 Rb5 35. Nfxe5 Nxe5 36. Rxe5 Nd5 37. Rf1 Ra5 38. Rfe1 Rda6 39. Rxe6
Rxa2 40. Rxa6 Rxa6 41. Re4 Rg6 42. g3 Rf6 43. Nxb4 Nxb4 44. Rxb4 Rf1+ 45. Ka2
Rf2 46. Rc4+ Kb8 47. h4 Rg2 48. Rc3 g5 49. hxg5 hxg5 50. b4 g4 51. Kb2 Kb7 52.
Re3 Kb6 53. Kb3 Rf2 54. Rd3 Rf3 55. Kc4 Rf2 56. c3 Rg2 57. Re3 Rg1 58. Rd3 Rg2
59. Kd4 Kb5 60. Ke5 1-0

[Event "Copa Latina 2015"]
[Site "Vicente Lopez ARG"]
[Date "2015.03.22"]
[Round "5.21"]
[White "Arias, Juan Carlos"]
[Black "Felgaer, Ruben"]
[Result "0-1"]
[WhiteElo "2130"]
[BlackElo "2580"]
[PlyCount "96"]
[EventDate "2015.03.19"]
[EventType "swiss"]
[EventRounds "9"]
[EventCountry "ARG"]
[Source "lmi"]
[SourceDate "2015.03.19"]

1. d4 c5 2. e3 Nf6 3. Nf3 d6 4. Be2 Nbd7 5. O-O g6 6. b3 Bg7 7. Bb2 O-O 8. c4
b6 9. Nc3 Bb7 10. Qc2 e6 11. Rad1 Qe7 12. Rfe1 a6 13. Qb1 Rac8 14. Nd2 Rfd8 15.
Bf3 Bxf3 16. Nxf3 Nb8 17. d5 e5 18. e4 Nbd7 19. a4 Rb8 20. Qd3 Nh5 21. g3 Bh6
22. Bc1 Qf8 23. Bxh6 Qxh6 24. Qd2 Qxd2 25. Rxd2 Kg7 26. Kg2 h6 27. Rdd1 f5 28.
Nd2 Nhf6 29. f3 h5 30. h3 Rf8 31. Rf1 f4 32. g4 g5 33. Rh1 Rh8 34. Ndb1 Nf8 35.
Nd2 Ng6 36. Rb1 Nd7 37. Ra1 Rb7 38. a5 bxa5 39. Rxa5 Nb8 40. Raa1 Kf6 41. Kf2
Rbh7 42. Kg2 Nh4+ 43. Kf2 Nxf3 44. Nxf3 hxg4 45. Nd2 Rxh3 46. Ne2 Rh2+ 47. Ke1
Rxh1+ 48. Nf1 g3 0-1

[Event "Copa Latina 2015"]
[Site "Vicente Lopez ARG"]
[Date "2015.03.22"]
[Round "5.22"]
[White "Dolezal, Cristian"]
[Black "Molina, Pablo Sebastian"]
[Result "0-1"]
[WhiteElo "2457"]
[BlackElo "2115"]
[PlyCount "94"]
[EventDate "2015.03.19"]
[EventType "swiss"]
[EventRounds "9"]
[EventCountry "ARG"]
[Source "lmi"]
[SourceDate "2015.03.19"]

1. g3 d5 2. Bg2 Nf6 3. Nf3 c6 4. d3 Bg4 5. Nbd2 Nbd7 6. h3 Bxf3 7. Bxf3 e5 8.
e4 Bd6 9. O-O O-O 10. c3 Nc5 11. Qc2 a5 12. Rd1 Ne6 13. exd5 cxd5 14. Nf1 Qc8
15. Bg2 d4 16. c4 h5 17. Qe2 Nc5 18. Bg5 Nh7 19. Bc1 Nf6 20. b3 Re8 21. Ba3
Nce4 22. Bxd6 Nxd6 23. Nd2 Rb8 24. Rdc1 b6 25. a3 Qf5 26. Re1 g6 27. b4 Qc8 28.
Rac1 Nd7 29. Qf3 f5 30. Qd5+ Nf7 31. c5 bxc5 32. bxc5 Nf6 33. Qa2 Kg7 34. Nc4
Qc7 35. Nb6 e4 36. dxe4 fxe4 37. Nd5 Nxd5 38. Qxd5 Rbd8 39. Qa2 e3 40. c6 d3
41. Rxe3 d2 42. Rd1 Rxe3 43. fxe3 Qxg3 44. Qa1+ Kh6 45. Qc3 Ng5 46. c7 Rf8 47.
c8=Q Nf3+ 0-1

[Event "Copa Latina 2015"]
[Site "Vicente Lopez ARG"]
[Date "2015.03.22"]
[Round "5.26"]
[White "Amato, Leonel"]
[Black "Moreda, Lucas"]
[Result "0-1"]
[WhiteElo "2064"]
[BlackElo "2333"]
[PlyCount "62"]
[EventDate "2015.03.19"]
[EventType "swiss"]
[EventRounds "9"]
[EventCountry "ARG"]
[Source "lmi"]
[SourceDate "2015.03.19"]

1. a3 d5 2. g3 Nf6 3. Bg2 c6 4. d3 e5 5. e3 Bd6 6. Ne2 h5 7. h3 Be6 8. b3 Nbd7
9. Nd2 Nf8 10. Bb2 g5 11. Qb1 Ng6 12. Qa2 Qe7 13. O-O-O Nd7 14. Qa1 O-O-O 15.
Kb1 Rhf8 16. Rhf1 f5 17. Rc1 f4 18. Ka2 g4 19. hxg4 Bxg4 20. Ng1 fxg3 21. fxg3
Qg5 22. c4 Qxe3 23. Rc2 Qxg3 24. Rfc1 Nc5 25. cxd5 Qxg2 26. Ne4 Qh1 27. Nxd6+
Rxd6 28. Rxc5 Rxd5 29. Rxc6+ bxc6 30. Rxc6+ Kb7 31. Qc1 Rc8 0-1

[Event "Copa Latina 2015"]
[Site "Vicente Lopez ARG"]
[Date "2015.03.22"]
[Round "5.27"]
[White "Calens, Diego"]
[Black "Cuevas, Alex"]
[Result "0-1"]
[WhiteElo "2059"]
[BlackElo "2253"]
[PlyCount "92"]
[EventDate "2015.03.19"]
[EventType "swiss"]
[EventRounds "9"]
[EventCountry "ARG"]
[Source "lmi"]
[SourceDate "2015.03.19"]

1. d4 Nf6 2. Nf3 c5 3. e3 g6 4. c4 Bg7 5. Nc3 O-O 6. dxc5 Na6 7. Be2 Nxc5 8.
O-O b6 9. Nd4 Bb7 10. Bf3 Nfe4 11. Nxe4 Nxe4 12. Qc2 f5 13. Rd1 Qb8 14. Nb3 Be5
15. h3 Bh2+ 16. Kh1 Bd6 17. Nd4 a6 18. Kg1 Qc7 19. Bd2 Qc5 20. Be2 Rac8 21.
Rac1 g5 22. b4 Qc7 23. Qb3 Bh2+ 24. Kf1 Nxf2 25. c5+ Kh8 26. c6 Ne4 27. Be1
Bxc6 28. Rxc6 dxc6 29. Ne6 Qe5 30. Nxf8 Rxf8 31. Bf3 g4 32. Bxe4 fxe4+ 33. Ke2
Qh5 34. Bc3+ e5 35. Kd2 gxh3 36. gxh3 Qxh3 37. Bb2 Rd8+ 38. Kc2 Rxd1 39. Kxd1
Qf1+ 40. Kc2 Qe2+ 41. Kc1 b5 42. Kb1 Qd3+ 43. Qxd3 exd3 44. Kc1 Kg8 45. e4 Bf4+
46. Kd1 h5 0-1

[Event "Copa Latina 2015"]
[Site "Vicente Lopez ARG"]
[Date "2015.03.22"]
[Round "5.28"]
[White "Dastugue, Raul"]
[Black "Aguilar, Andres"]
[Result "1/2-1/2"]
[WhiteElo "2054"]
[BlackElo "2236"]
[PlyCount "203"]
[EventDate "2015.03.19"]
[EventType "swiss"]
[EventRounds "9"]
[EventCountry "ARG"]
[Source "lmi"]
[SourceDate "2015.03.19"]

1. Nf3 c5 2. c4 Nf6 3. g3 Nc6 4. Bg2 d5 5. cxd5 Nxd5 6. Nc3 Nc7 7. O-O e5 8. d3
Be7 9. b3 O-O 10. Bb2 Bg4 11. Rc1 f6 12. Ne4 b6 13. Qd2 Qd7 14. Rfd1 Rfd8 15.
Qe1 Rac8 16. Qf1 Nd4 17. Ned2 Nce6 18. h3 Bh5 19. e3 Nc6 20. Nc4 Bg6 21. Ne1 b5
22. Na3 a6 23. Nac2 Qa7 24. Qe2 Rd6 25. h4 Rcd8 26. Bc3 b4 27. Bb2 a5 28. f4
exf4 29. gxf4 a4 30. f5 Bxf5 31. Bxc6 Rxc6 32. Qf3 Rcd6 33. Qxf5 g6 34. Qf3 Ng7
35. d4 axb3 36. axb3 Qa2 37. Ba1 Qxb3 38. dxc5 Rxd1 39. Rxd1 Rxd1 40. Qxd1 Bxc5
41. Qd8+ Bf8 42. Qxf6 Qe6 43. Qxe6+ Nxe6 44. Nd3 Be7 45. h5 gxh5 46. Ncxb4 Bd6
47. Kg2 Ng5 48. Nd5 Kf7 49. N5f4 h4 50. Ne5+ Ke7 51. Nf3 h3+ 52. Nxh3 Nxh3 53.
Kxh3 Ke6 54. Kg4 h5+ 55. Kxh5 Kf5 56. Bd4 Bf4 57. exf4 Kxf4 58. Ng5 Kg3 59.
Be5+ Kf2 60. Kg4 Ke2 61. Kf4 Kd3 62. Kf3 Kc4 63. Ke4 Kc5 64. Nf3 Kc6 65. Nd4+
Kc5 66. Nc2 Kc6 67. Kd4 Kb6 68. Kd5 Kb7 69. Bd4 Kc7 70. Bc5 Kd7 71. Bd6 Kd8 72.
Nd4 Kd7 73. Nc6 Kc8 74. Na5 Kd7 75. Nb7 Kc8 76. Nc5 Kd8 77. Ke6 Kc8 78. Be5 Kd8
79. Kd6 Kc8 80. Kc6 Kd8 81. Bd6 Kc8 82. Be7 Kb8 83. Bd8 Kc8 84. Ba5 Kb8 85. Ne4
Ka7 86. Bb6+ Kb8 87. Nd6 Ka8 88. Bc7 Ka7 89. Nc4 Ka6 90. Na3 Ka7 91. Bd6 Ka6
92. Nc4 Ka7 93. Nb6 Ka6 94. Bb8 Ka5 95. Kc5 Ka6 96. Nd5 Kb7 97. Be5 Ka6 98. Kc6
Ka7 99. Nb4 Ka8 100. Kb5 Kb7 101. Bd4 Kc7 102. Bc5 1/2-1/2

[Event "Copa Latina 2015"]
[Site "Vicente Lopez ARG"]
[Date "2015.03.22"]
[Round "5.29"]
[White "Penafiel, Horacio"]
[Black "Puppi Lazo, Jorge Luis"]
[Result "1-0"]
[WhiteElo "2233"]
[BlackElo "2022"]
[PlyCount "123"]
[EventDate "2015.03.19"]
[EventType "swiss"]
[EventRounds "9"]
[EventCountry "ARG"]
[Source "lmi"]
[SourceDate "2015.03.19"]

1. d4 Nf6 2. c4 g6 3. Nc3 d5 4. cxd5 Nxd5 5. e4 Nxc3 6. bxc3 Bg7 7. Bc4 O-O 8.
Ne2 c5 9. O-O Qc7 10. d5 Nd7 11. Bf4 Be5 12. Bxe5 Nxe5 13. Bb3 Bd7 14. Rc1 Ng4
15. Ng3 h5 16. Re1 Kg7 17. h3 Ne5 18. f4 c4 19. Qd4 cxb3 20. axb3 f6 21. fxe5
fxe5 22. Qe3 Qb6 23. c4 Qxe3+ 24. Rxe3 b6 25. b4 a5 26. c5 Bb5 27. bxa5 bxc5
28. Ra3 c4 29. Ne2 Ba6 30. Rb1 Rfb8 31. Rb6 Rxb6 32. axb6 Bb7 33. Ra7 Rxa7 34.
bxa7 e6 35. Nc3 Kf7 36. Kf2 Ke7 37. Ke3 exd5 38. Nxd5+ Kd6 39. Nb6 Kc5 40. a8=Q
Bxa8 41. Nxa8 Kb4 42. Nb6 c3 43. Nd7 c2 44. Kd2 Kc4 45. Nxe5+ Kd4 46. Nxg6 Kxe4
47. Kxc2 Kf5 48. Kd3 Kxg6 49. Ke4 Kg5 50. g3 Kf6 51. Kf4 Kg6 52. Ke5 Kg5 53.
Ke6 h4 54. g4 Kf4 55. Kf6 Kg3 56. g5 Kxh3 57. g6 Kh2 58. g7 h3 59. g8=Q Kh1 60.
Qd5+ Kg1 61. Qd1+ Kg2 62. Qg4+ 1-0

[Event "Copa Latina 2015"]
[Site "Vicente Lopez ARG"]
[Date "2015.03.22"]
[Round "5.30"]
[White "Cabrera Pando, Ramiro"]
[Black "Avila, Lucas"]
[Result "1/2-1/2"]
[WhiteElo "2033"]
[BlackElo "2205"]
[PlyCount "57"]
[EventDate "2015.03.19"]
[EventType "swiss"]
[EventRounds "9"]
[EventCountry "ARG"]
[Source "lmi"]
[SourceDate "2015.03.19"]

1. d4 Nf6 2. c4 g6 3. Nc3 Bg7 4. e4 d6 5. Nf3 O-O 6. Be2 e5 7. Be3 Ng4 8. Bg5
f6 9. Bh4 h5 10. h3 Nh6 11. d5 a5 12. a3 Na6 13. Rb1 Bd7 14. b4 Nf7 15. Nd2
axb4 16. axb4 Bh6 17. g4 Bxd2+ 18. Kxd2 g5 19. Bg3 h4 20. Bh2 c6 21. f3 c5 22.
b5 Nb4 23. Ra1 Ra5 24. Qb3 Qc7 25. Ra3 Rfa8 26. Rha1 Kf8 27. Rxa5 Rxa5 28. Rxa5
Qxa5 29. Qa4 1/2-1/2